| 000 | 00768pam a2200253 a 4500 | ||
|---|---|---|---|
| 001 | 10894 | ||
| 003 | BD-RjUL | ||
| 005 | 20211208235033.0 | ||
| 008 | 140125s1988 enka b 001 0 eng d | ||
| 020 | _a0412287706 | ||
| 035 | _a(BD-RjUL)10943 | ||
| 040 |
_aDLC _cDLC _dDLC _d(BD-RjUL) _beng |
||
| 041 | _aeng | ||
| 082 | 0 | 0 |
_a582.019218 _219 _bFLA |
| 245 | 0 | 4 |
_aThe Flavonoids : _badvances in research since 1980 / _cedited by J.B. Harborne. |
| 260 |
_aLondon ; _aNew York : _bChapman and Hall, _c1988. |
||
| 300 |
_axiv, 621 p. : _bill. ; _c26 cm. |
||
| 504 | _aIncludes bibliographies and indexes. | ||
| 650 | 0 |
_aFlavonoids. _933678 |
|
| 700 | 1 |
_aHarborne, J. B. _q(Jeffrey B.) _932367 |
|
| 942 |
_2ddc _cBK |
||
| 999 |
_c10894 _d10894 |
||